| 000 | 00810nam a2200205 i 4500 | ||
|---|---|---|---|
| 001 | 29994 | ||
| 003 | ES-MaACL | ||
| 005 | 20251118181726.0 | ||
| 007 | t| | ||
| 008 | 030123s1976 xxu ||||1| eng d | ||
| 100 | 1 |
_aBarrett, Linton Lomas. _925959 |
|
| 245 | 1 | 0 |
_aA comparative study of six manuscripts of Juan Pérez de Montalbán _b: como padre y como Rey / _cLinton Lomas Barrett ; edited by Carmen Iranzo de Ebersole with an introduction by Sturgis E. Leavitt. |
| 260 |
_aChapell Hill (Noth Carolina) : _bEstudios de Hispanófila, _c[1976] |
||
| 300 |
_a88 p., 8 lám. ; _c24 cm. |
||
| 600 | 1 | 4 |
_aPérez de Montalbán, Juan, _d1602-1638 _990793 |
| 700 | 1 |
_aIranzo de Ebersole, Carmen. _965416 |
|
| 700 | 1 |
_aLeavitt, Sturgis E. _970996 |
|
| 852 |
_aES-MaACL _jA-6060 _bR.94988 |
||
| 999 |
_c29994 _d29994 |
||